000 02574aab a2200517 a 4500
003 AR-RoUNA
005 20260312163319.0
008 140529||||||||||||||||| |||| 0|||| d
022 _a11338857
040 _aAR-RoUNA
_bspa
041 _aspa
_afre
080 _a72.036
092 _lB485
100 1 _910939
_aGausa Navarro, Manuel
245 _aQuaderns d'arquitectura i urbanisme
_hnº243
260 _aBarcelona, España :
_bCollegi d'Arquitectes de Catalunya,
_c1944
300 _a140 p. :
_bil. col.
_bplanos
_bplantas
_c31x24 cm
505 0 _t
_aPerea Jorge/ Mansilla Jordi / Echeverria Jiosé Luis/ Revisita. p. 16
505 0 _aPaliaje de cambio, crecimiento e incertidumbre Betrabajando / El Museo de Israel. Zvi Efrat Meira Kowalsky. p. 18
505 0 _aOfis Arhitekell/ Sistema Museo I Casa / Renovación Museo y Villa o casa. Roemer Van Toorn. p. 32
505 0 _aRegeneración paisajista en el Valle de Juan. Restauración, Jardín en la casa - tabrica Turull / Jardín en la casa Turull y fabrica. Parque Cordelles. Parque sobre la cochera de autobuses. TMB en Horta Teresa Gall. p. 48
505 0 _aPaisajista Font a Solkan (Eslovenia) + de una casa de lo muertos. Escenografía para la ópera de Bonn/ Paisajismo; Fuente en Solkan. Totenhaus. Escenografía para la ópera de Bonn. Sadar Vuga Arhitekti. El tiempo está de nuestra parte/ Bostjan Vuga. p. 64
505 0 _aMusica congelada: Karin Jormakka. p. 76
505 0 _aCronos / Pere Formiguera/ Ramón Faura. p. 94
505 0 _aCanopy / estructura efímera en la PS 1. Estructura temporal. NARCHITECTS. p. 110
505 0 _aPropuesta de crecimiento en VICA / Roldán Berengue Arquitectos. p. 123
505 0 _aBial Perez / Gestión urbanística en el Papiol. Dirección de urbanismo. p. 128
505 0 _aReferencias Bibliográficas/ Viaplana Albert. p. 134
505 0 _aCréditos. p. 140
600 _aSoto, Roberto
_911002
650 _aArquitectura Contemporanea
_911003
650 _aCiudad
_97
650 0 _aUrbanizaciones
_93180
650 _aRehabilitacion
_9492
650 _aEmbajadas
_94461
651 0 _aArgelaguer (Gerona, España)
_911004
653 _aPasarelas
653 _aPuente Peatonal
653 _aATC Argentina, Buenos Aires (Argentina)
773 _aQuaderns: d'arquitectura i urbanisme
_dBarcelona, Collegi d'Arquitectes de Catalunya 1944
_gNº 243 (Oct 2004) p.140
_x11338857
908 _aImp
930 _e6735
942 _2udc
_cART
945 _aMBP
_d2024-08-14
980 _gMaricel Allasia
_61
_aMaricel Allasia
_81
999 _c12359
_d12359